<?xml version="1.0" encoding="UTF-8"?>
<record
    xmlns:xsi="http://www.w3.org/2001/XMLSchema-instance"
    xsi:schemaLocation="http://www.loc.gov/MARC21/slim http://www.loc.gov/standards/marcxml/schema/MARC21slim.xsd"
    xmlns="http://www.loc.gov/MARC21/slim">

  <leader>03666nam a2200577Ia 4500</leader>
  <controlfield tag="001">3779</controlfield>
  <controlfield tag="008">241029s9999    xx            000 0 und d</controlfield>
  <datafield tag="010" ind1=" " ind2=" ">
    <subfield code="a">3545</subfield>
  </datafield>
  <datafield tag="041" ind1=" " ind2=" ">
    <subfield code="a">Espa&#xF1;ol</subfield>
  </datafield>
  <datafield tag="082" ind1=" " ind2=" ">
    <subfield code="a">INTEC // CyH-T-0040</subfield>
  </datafield>
  <datafield tag="245" ind1=" " ind2="0">
    <subfield code="a">Correspondencia entre el proceso de transformaci&#xF3;n curricular y los recursos para el aprendizaje utilizados en seis (6) Escuelas B&#xE1;sicas P&#xFA;blicas del Distrito Educativo 15-05 de Herrera, Santo Domingo Oeste. A&#xF1;o escolar 2000-2001.</subfield>
  </datafield>
  <datafield tag="260" ind1=" " ind2=" ">
    <subfield code="a">Santo Domingo</subfield>
  </datafield>
  <datafield tag="300" ind1=" " ind2=" ">
    <subfield code="a">92</subfield>
  </datafield>
  <datafield tag="520" ind1=" " ind2=" ">
    <subfield code="a">4</subfield>
  </datafield>
  <datafield tag="630" ind1=" " ind2=" ">
    <subfield code="a">Aprendizaje Significativo</subfield>
  </datafield>
  <datafield tag="630" ind1=" " ind2=" ">
    <subfield code="a">Constructivismo</subfield>
  </datafield>
  <datafield tag="630" ind1=" " ind2=" ">
    <subfield code="a">Estrategia de Aprendizaje</subfield>
  </datafield>
  <datafield tag="630" ind1=" " ind2=" ">
    <subfield code="a">Plan Decenal de Educaci&#xF3;n</subfield>
  </datafield>
  <datafield tag="630" ind1=" " ind2=" ">
    <subfield code="a">Tecnolog&#xED;a de la Informaci&#xF3;n y Comunicaci&#xF3;n (TICs)</subfield>
  </datafield>
  <datafield tag="650" ind1=" " ind2=" ">
    <subfield code="a">Recursos Did&#xE1;cticos</subfield>
  </datafield>
  <datafield tag="690" ind1=" " ind2=" ">
    <subfield code="a">Copiado sin cambios</subfield>
  </datafield>
  <datafield tag="700" ind1=" " ind2=" ">
    <subfield code="e">asesor</subfield>
    <subfield code="a">No, Aplica</subfield>
  </datafield>
  <datafield tag="700" ind1=" " ind2=" ">
    <subfield code="e">autor</subfield>
    <subfield code="a">Abr&#xE9;u, &#xC3;&#x81;ngela</subfield>
  </datafield>
  <datafield tag="700" ind1=" " ind2=" ">
    <subfield code="e">autor</subfield>
    <subfield code="a">Santana, Pablo</subfield>
  </datafield>
  <datafield tag="901" ind1=" " ind2=" ">
    <subfield code="a">{"1":"Abr&#xE9;u","2":"Santana"}</subfield>
    <subfield code="b">{"1":"&#xC3;&#x81;ngela","2":"Pablo"}</subfield>
  </datafield>
  <datafield tag="902" ind1=" " ind2=" ">
    <subfield code="a">1</subfield>
  </datafield>
  <datafield tag="903" ind1=" " ind2=" ">
    <subfield code="a">{"1":"No"}</subfield>
    <subfield code="b">{"1":"Aplica"}</subfield>
  </datafield>
  <datafield tag="904" ind1=" " ind2=" ">
    <subfield code="a">Maestr&#xED;a en</subfield>
  </datafield>
  <datafield tag="905" ind1=" " ind2=" ">
    <subfield code="a">Educaci&#xF3;n</subfield>
  </datafield>
  <datafield tag="906" ind1=" " ind2=" ">
    <subfield code="a">2</subfield>
  </datafield>
  <datafield tag="907" ind1=" " ind2=" ">
    <subfield code="a">NO APLICA</subfield>
  </datafield>
  <datafield tag="908" ind1=" " ind2=" ">
    <subfield code="a">NO APLICA</subfield>
  </datafield>
  <datafield tag="909" ind1=" " ind2=" ">
    <subfield code="a">Instituto Tecnol&#xF3;gico de Santo Domingo (INTEC)</subfield>
  </datafield>
  <datafield tag="910" ind1=" " ind2=" ">
    <subfield code="a">NULL</subfield>
    <subfield code="b">NULL</subfield>
  </datafield>
  <datafield tag="911" ind1=" " ind2=" ">
    <subfield code="a">["1"]</subfield>
  </datafield>
  <datafield tag="912" ind1=" " ind2=" ">
    <subfield code="a">NO APLICA</subfield>
  </datafield>
  <datafield tag="913" ind1=" " ind2=" ">
    <subfield code="a">NULL</subfield>
  </datafield>
  <datafield tag="914" ind1=" " ind2=" ">
    <subfield code="a">02 de Abril de 2007</subfield>
  </datafield>
  <datafield tag="915" ind1=" " ind2=" ">
    <subfield code="a">22/11/19 06:11</subfield>
  </datafield>
  <datafield tag="916" ind1=" " ind2=" ">
    <subfield code="a">NULL</subfield>
  </datafield>
  <datafield tag="917" ind1=" " ind2=" ">
    <subfield code="a">NULL</subfield>
  </datafield>
  <datafield tag="918" ind1=" " ind2=" ">
    <subfield code="a">NO APLICA</subfield>
  </datafield>
  <datafield tag="919" ind1=" " ind2=" ">
    <subfield code="a">["20","48","93","160","296"]</subfield>
  </datafield>
  <datafield tag="520" ind1=" " ind2=" ">
    <subfield code="a">En el 1992 se puso en marcha en nuestro pa&#xED;s el Plan Decenal de Educaci&#xF3;n. En dicha reforma se plantea un nuevo paradigma de la Educaci&#xF3;n Dominicana: constructivismo como corriente pedag&#xF3;gica. Dentro de esta concepci&#xF3;n se privilegia el uso de recursos para el aprendizaje (RPEA) como elementos motivadores de una pr&#xE1;ctica educativa innovadora, que contrarresta el alto &#xED;ndice de repitencia, deserci&#xF3;n y ausentismo que caracterizaba nuestra educaci&#xF3;n de la Reforma Educativa.En ese sentido nos propusimos investigar cu&#xE1;les RPEA se utilizaban en seis (6) Centros P&#xFA;blicos de Educaci&#xF3;n B&#xE1;sica del Distrito Educativo 15-05, de Santo Domingo Oeste y al mismo tiempo evaluar la relaci&#xF3;n entre estos y los contenidos curriculares del nivel.Con nuestra investigaci&#xF3;n, que fue dirigida a docentes, estudiantes y directores, pudimos determinar que los y las docentes del Primer Ciclo de B&#xE1;sica son los que con m&#xE1;s frecuencia utilizan RPEA, determin&#xE1;ndose, adem&#xE1;s, que el 80% de los y las docentes de estos Centros son del sexo femenino, mientras que s&#xF3;lo el 20% son del sexo masculino. Un dato importante que arroj&#xF3; la investigaci&#xF3;n es que s&#xF3;lo el 33% posee nivel de Licenciatura, de los cuales el 78% tiene menos de quince (15) a&#xF1;os en servicio, y un 60% nivel de Profesorado en Educaci&#xF3;n; n&#xFA;meros que se quedaron muy por debajo de la metas del Plan Decenal.En cuanto a la disponibilidad de RPEA por parte de los Centros Educativos, el 93% de los mismos cuentan con recursos, destac&#xE1;ndose los recursos tradicionales como mapas, l&#xE1;minas, radios, globos terr&#xE1;queos, entre otros; enfatiz&#xE1;ndose que ningunos cuenta con recursos de las TICs.Una conclusi&#xF3;n importante que se desprende de lo anterior, es que los y las docentes de estos Centros utilizan con poca frecuencia los recursos con los que cuentan, lo que desmotiva el inter&#xE9;s por aprender de los estudiantes quienes expresaron preferir que sus maestros y maestras utilicen recursos en sus pr&#xE1;cticas de aulas.</subfield>
  </datafield>
  <datafield tag="921" ind1=" " ind2=" ">
    <subfield code="a">16</subfield>
  </datafield>
  <datafield tag="922" ind1=" " ind2=" ">
    <subfield code="a">16</subfield>
  </datafield>
  <datafield tag="923" ind1=" " ind2=" ">
    <subfield code="a">0</subfield>
  </datafield>
  <datafield tag="924" ind1=" " ind2=" ">
    <subfield code="a">NO APLICA</subfield>
  </datafield>
  <datafield tag="942" ind1=" " ind2=" ">
    <subfield code="c">Tesis</subfield>
  </datafield>
  <datafield tag="999" ind1=" " ind2=" ">
    <subfield code="c">3545</subfield>
    <subfield code="d">3545</subfield>
  </datafield>
</record>
